Trend špeciál reality

Nábrežné projekty. Bývanie. Komerčné nehnuteľnosti. Zaujímavosti.

Saved in:
Bibliographic Details
Format: Book Chapter
Language:Slovak
Subjects:
Tags: Add Tag
No Tags, Be the first to tag this record!

MARC

LEADER 00000naa$a2200000$$$4500
001 0048639
005 20231009084435.0
041 0 |a slo 
044 |a SK 
245 1 0 |a Trend špeciál  |b reality 
520 |a Nábrežné projekty. Bývanie. Komerčné nehnuteľnosti. Zaujímavosti. 
610 2 0 |a nehnuteľnosti 
610 2 0 |a projekty 
610 2 0 |a projekty stavebné 
610 2 0 |a Dunaj 
610 2 0 |a bývanie 
610 2 0 |a ceny 
610 2 0 |a parky priemyselné 
610 2 0 |a letiská